| 000 | 00702nam a2200217Ia 4500 | ||
|---|---|---|---|
| 008 | 160517s9999 xx 000 0 und d | ||
| 050 | _aLB 1025.2 | ||
| 050 | _b.D339 2016 | ||
| 100 | _aDe La Rea, Yzelle Xaira B. | ||
| 245 | 3 | _aAn explanatory study on the social skills of the abandoned and neglected children of elsie gaches village with or without recreational activity / | |
| 245 | _cYzelle Xaira B. De La Rea. | ||
| 260 | _aLas PiƱas, Philippines : | ||
| 260 | _bSISC, | ||
| 260 | _c2016. | ||
| 300 | _a95 pages : | ||
| 300 | _billustrations ; | ||
| 300 | _c28 cm. | ||
| 500 | _aIncludes bibliographical references and appendices. | ||
| 521 | _aSpecial Education | ||
| 942 | _cTH | ||
| 999 |
_c293978 _d293978 |
||